Más allá de las tres dunas / (Registro nro. 11614)

Detalles MARC
000 -LEADER
fixed length control field 00860nam a22003017b 4500
001 - CONTROL NUMBER
control field 000573
003 - CONTROL NUMBER IDENTIFIER
control field DO-SdBNP
005 - DATE AND TIME OF LATEST TRANSACTION
control field 20180202132048.0
007 - PHYSICAL DESCRIPTION FIXED FIELD--GENERAL INFORMATION
fixed length control field 000573
008 - FIXED-LENGTH DATA ELEMENTS--GENERAL INFORMATION
fixed length control field 071016s 2001 sp | ||| ||spa
015 ## - NATIONAL BIBLIOGRAPHY NUMBER
National bibliography number
016 7# - NATIONAL BIBLIOGRAPHIC AGENCY CONTROL NUMBER
Record control number
Source BPMSU
017 ## - COPYRIGHT OR LEGAL DEPOSIT NUMBER
Copyright or legal deposit number
Assigning agency
020 ## - INTERNATIONAL STANDARD BOOK NUMBER
International Standard Book Number 8421820133
040 ## - CATALOGING SOURCE
Original cataloging agency BPMSU
Language of cataloging spa
Transcribing agency BPMSU
Description conventions
080 #0 - UNIVERSAL DECIMAL CLASSIFICATION NUMBER
Universal Decimal Classification number
100 1# - MAIN ENTRY--PERSONAL NAME
Personal name Fernández Gabaldón, Susana
245 10 - TITLE STATEMENT
Title Más allá de las tres dunas /
Statement of responsibility, etc. Susana Fernández Gabaldón ; ilustraciones, Marina Seoane.
Medium
250 ## - EDITION STATEMENT
Edition statement 5ª ed.
260 ## - PUBLICATION, DISTRIBUTION, ETC. (IMPRINT)
Place of publication, distribution, etc. Barcelona :
Name of publisher, distributor, etc. Magisterio Casals,
Date of publication, distribution, etc. 2007.
300 ## - PHYSICAL DESCRIPTION
Extent 205 p. :
Other physical details il. ;
Dimensions 21 cm
490 1# - SERIES STATEMENT
Series statement Punto juvenil
Volume/sequential designation 61
700 12 - ADDED ENTRY--PERSONAL NAME
Personal name Seoane, Marina,
Dates associated with a name 1957-
Relator term il.
830 #0 - SERIES ADDED ENTRY--UNIFORM TITLE
Uniform title Punto juvenil ;
Volume number/sequential designation 61
942 ## - ADDED ENTRY ELEMENTS (KOHA)
Source of classification or shelving scheme Dewey Decimal Classification
Koha item type Libros
945 ## - LOCAL PROCESSING INFORMATION (OCLC)
a Inventariado, 2018 /LP
956 ## - LOCAL ELECTRONIC LOCATION AND ACCESS (OCLC)
Host name LOPEREZ
Access method 10
Materials specified 20161019
Linkage BPMSU
Field link and sequence number 00041
Existencias
Withdrawn status Lost status Source of classification or shelving scheme Damaged status Not for loan Collection code Home library Current library Date acquired Source of acquisition Total Checkouts Barcode Date last seen Price effective from Koha item type
    Dewey Decimal Classification     Colección Juvenil General Biblioteca Pública Metropolitana Salomé Ureña Biblioteca Pública Metropolitana Salomé Ureña 10/19/2016 FUNDI   BPMSU16100275 10/19/2016 10/19/2016 Libros